[Event "Winnipeg TNT October op"]
[Site "Winnipeg CAN"]
[Date "2013.10.29"]
[Round "5.5"]
[White "De Groot, Steven"]
[Black "Platt, Alex"]
[Result "1/2-1/2"]
[WhiteElo "1959"]
[BlackElo "1942"]
[PlyCount "107"]
[GameId "2160767909229417"]
[EventDate "2013.10.01"]
[EventType "swiss"]
[EventRounds "5"]
[EventCountry "CAN"]
[SourceTitle "EXT 2022"]
[Source "ChessBase"]
[SourceDate "2021.10.06"]
[SourceVersion "1"]
[SourceVersionDate "2021.10.06"]
[SourceQuality "1"]

1. c4 e5 2. Nc3 Nf6 3. g3 Bc5 4. Bg2 d6 5. e3 O-O 6. Nge2 a6 7. O-O c6 8. d4 Ba7 9. Qc2 Be6 10. dxe5 dxe5 11. Rd1 Qc7 12. b3 Nbd7 13. Ba3 Bc5 14. b4 Be7 15. c5 a5 16. b5 Bxc5 17. Bxc5 Nxc5 18. bxc6 bxc6 19. Na4 Nxa4 20. Qxa4 Bd5 21. e4 Be6 22. Rdc1 c5 23. Rc2 Rab8 24. Rac1 Rb4 25. Qa3 Nxe4 26. Bxe4 Rxe4 27. Rxc5 Qd6 28. Qf3 Ra4 29. Qc3 f6 30. Rxa5 Rxa2 31. Rxa2 Bxa2 32. Qe3 Be6 33. Nc3 Rc8 34. Re1 Bh3 35. Ne4 Qc6 36. f3 Qc2 37. Nf2 Bf5 38. Kg2 Bg6 39. Re2 Qc6 40. Ne4 f5 41. Ng5 h6 42. Qb3+ Qc4 43. Qxc4+ Rxc4 44. Ne6 e4 45. fxe4 Rxe4 46. Rxe4 fxe4 47. Kf2 Kf7 48. Nf4 Bf5 49. Ne2 Ke6 50. Ke3 Ke5 51. Nc3 h5 52. Nd1 Bg4 53. Nf2 g5 54. Nxe4 1/2-1/2

[Event "Winnipeg TNT October op"]
[Site "Winnipeg CAN"]
[Date "2013.10.29"]
[Round "5.5"]
[White "Kernetsky, Myron"]
[Black "Wasserman, Leor"]
[Result "0-1"]
[WhiteElo "2069"]
[BlackElo "1943"]
[PlyCount "86"]
[GameId "2160767909229418"]
[EventDate "2013.10.01"]
[EventType "swiss"]
[EventRounds "5"]
[EventCountry "CAN"]
[SourceTitle "EXT 2022"]
[Source "ChessBase"]
[SourceDate "2021.10.06"]
[SourceVersion "1"]
[SourceVersionDate "2021.10.06"]
[SourceQuality "1"]

1. d4 Nf6 2. c4 g6 3. Nc3 d5 4. Nf3 Bg7 5. Qb3 dxc4 6. Qxc4 O-O 7. e4 a6 8. Be2 b5 9. Qb3 c5 10. dxc5 Nbd7 11. c6 Nb8 12. Be3 Be6 13. Qc2 Nxc6 14. Rd1 Nb4 15. Qb1 Qc7 16. Nd4 Bc4 17. O-O Bxe2 18. Ndxe2 Ng4 19. Bf4 e5 20. Bg5 Bf6 21. Bc1 Bg7 22. h3 Nf6 23. Bg5 Ne8 24. a3 Nc6 25. Nd5 Qb7 26. Rc1 Kh8 27. Rc5 f6 28. Be3 Nd6 29. b3 f5 30. Qc2 Nd4 31. Bxd4 Nxe4 32. Rc6 exd4 33. Rc1 Nc3 34. Rxc3 dxc3 35. Nexc3 Rac8 36. Qd2 Rfd8 37. Qe3 Rxd5 38. Nxd5 Rxc1+ 39. Qxc1 Qxd5 40. Qc8+ Qg8 41. Qxa6 Qxb3 42. Qa8+ Qg8 43. Qc6 Qb8 0-1

[Event "Winnipeg TNT October op"]
[Site "Winnipeg CAN"]
[Date "2013.10.29"]
[Round "5.5"]
[White "Korenbaum, Max"]
[Black "Leaden, Bruce"]
[Result "0-1"]
[WhiteElo "1190"]
[BlackElo "1684"]
[PlyCount "46"]
[GameId "2160767909229419"]
[EventDate "2013.10.01"]
[EventType "swiss"]
[EventRounds "5"]
[EventCountry "CAN"]
[SourceTitle "EXT 2022"]
[Source "ChessBase"]
[SourceDate "2021.10.06"]
[SourceVersion "1"]
[SourceVersionDate "2021.10.06"]
[SourceQuality "1"]

1. e4 e6 2. Nf3 d5 3. Nc3 d4 4. Ne2 c5 5. d3 Nc6 6. Bf4 Bd6 7. Bxd6 Qxd6 8. Qd2 Nge7 9. O-O-O O-O 10. a3 a5 11. h4 b5 12. Kb1 a4 13. Rh3 b4 14. axb4 cxb4 15. Nc1 e5 16. Rg3 a3 17. Nb3 Be6 18. Qh6 Ng6 19. Qd2 Bxb3 20. cxb3 Na5 21. Qc2 Rfc8 22. Qe2 Nxb3 23. Nd2 a2# 0-1

[Event "Winnipeg TNT October op"]
[Site "Winnipeg CAN"]
[Date "2013.10.29"]
[Round "5.5"]
[White "Lipnowski, Samuel"]
[Black "Clark, Jeff"]
[Result "0-1"]
[WhiteElo "2223"]
[BlackElo "1793"]
[PlyCount "100"]
[GameId "2160767909229420"]
[EventDate "2013.10.01"]
[EventType "swiss"]
[EventRounds "5"]
[EventCountry "CAN"]
[SourceTitle "EXT 2022"]
[Source "ChessBase"]
[SourceDate "2021.10.06"]
[SourceVersion "1"]
[SourceVersionDate "2021.10.06"]
[SourceQuality "1"]

1. e4 Nf6 2. e5 Nd5 3. d4 d6 4. Nf3 Bg4 5. Be2 e6 6. h3 Bxf3 7. Bxf3 dxe5 8. dxe5 c6 9. O-O Be7 10. a3 O-O 11. c4 Nb6 12. Qxd8 Rxd8 13. Be2 N8d7 14. f4 Nc5 15. Be3 Nb3 16. Ra2 Na4 17. Bd1 Nac5 18. Kh2 Rd3 19. Bg1 Rad8 20. Bc2 Nd2 21. Bxd3 Nxf1+ 22. Bxf1 Rd1 23. b4 Rxb1 24. Bxc5 Bxc5 25. bxc5 Rxf1 26. Rb2 Rxf4 27. Rxb7 g5 28. Rxa7 Rxc4 29. Ra5 Rc3 30. a4 Kg7 31. Kg1 Kg6 32. Kf2 h5 33. Ke2 Kf5 34. Kd2 Rg3 35. Ra6 Rxg2+ 36. Kc3 Rg3+ 37. Kb4 Rxh3 38. Rxc6 g4 39. Rc8 g3 40. Kb5 Rh4 41. Rd8 g2 42. c6 g1=Q 43. c7 Qb1+ 44. Kc6 Rc4+ 45. Kd7 Qb7 46. Ke8 Rxc7 47. a5 Qb4 48. Rd6 Qh4 49. Kf8 Kg6 50. Ke8 Qe7# 0-1

[Event "Winnipeg TNT October op"]
[Site "Winnipeg CAN"]
[Date "2013.10.29"]
[Round "5.5"]
[White "Reimer, Bruce"]
[Black "Magyar, Peter"]
[Result "1/2-1/2"]
[WhiteElo "1546"]
[BlackElo "1590"]
[PlyCount "89"]
[GameId "2160767909229421"]
[EventDate "2013.10.01"]
[EventType "swiss"]
[EventRounds "5"]
[EventCountry "CAN"]
[SourceTitle "EXT 2022"]
[Source "ChessBase"]
[SourceDate "2021.10.06"]
[SourceVersion "1"]
[SourceVersionDate "2021.10.06"]
[SourceQuality "1"]

1. c4 c5 2. g3 Nf6 3. Bg2 Nc6 4. Nc3 b6 5. a3 Bb7 6. b4 a6 7. bxc5 bxc5 8. Rb1 Qc8 9. e3 e6 10. Na4 Qc7 11. Ne2 Be7 12. O-O O-O 13. d4 cxd4 14. Nxd4 Rab8 15. e4 Ne5 16. Bf4 Bxa3 17. Rb3 Bd6 18. Bxe5 Bxe5 19. c5 Nxe4 20. Qd3 Nxc5 21. Nxc5 Bxg2 22. Rxb8 Rxb8 23. Nxa6 Qb7 24. Nxb8 Bxf1 25. Kxf1 Bxb8 26. f3 Qd5 27. Qa6 h6 28. Qc8+ Kh7 29. Qxb8 Qxd4 30. Qb1+ g6 31. h4 Qe3 32. Qd1 d5 33. g4 d4 34. Kg2 d3 35. Kf1 Kg7 36. Qa1+ Kh7 37. Qf6 Qc1+ 38. Kf2 Qc5+ 39. Ke1 Qc7 40. Kd2 Qd7 41. Qc3 Qd5 42. Qxd3 Qxd3+ 43. Kxd3 Kg7 44. Ke4 Kf6 45. f4 1/2-1/2

[Event "Winnipeg TNT October op"]
[Site "Winnipeg CAN"]
[Date "2013.10.29"]
[Round "5.5"]
[White "Remillard, John"]
[Black "Campbell, Jamie"]
[Result "0-1"]
[WhiteElo "1562"]
[BlackElo "1704"]
[PlyCount "82"]
[GameId "2160767909229422"]
[EventDate "2013.10.01"]
[EventType "swiss"]
[EventRounds "5"]
[EventCountry "CAN"]
[SourceTitle "EXT 2022"]
[Source "ChessBase"]
[SourceDate "2021.10.06"]
[SourceVersion "1"]
[SourceVersionDate "2021.10.06"]
[SourceQuality "1"]

1. Nf3 Nf6 2. c4 c6 3. e3 d5 4. Nc3 g6 5. Qb3 Bg7 6. cxd5 cxd5 7. Bb5+ Nc6 8. Ne5 Qd6 9. Nxc6 bxc6 10. Be2 O-O 11. O-O e5 12. f4 e4 13. d4 exd3 14. Bxd3 c5 15. Qc2 c4 16. Be2 Bf5 17. Qd2 Rfd8 18. Bf3 Bd3 19. Rd1 Ne4 20. Bxe4 dxe4 21. Nxe4 Qb6 22. Nc3 a5 23. Re1 a4 24. a3 Qb3 25. Na2 Bb1 26. Qf2 Bxa2 27. e4 Bd4 28. Be3 Bxb2 29. Rxa2 Qxa2 30. f5 Qb3 31. Rb1 Rd1+ 32. Rxd1 Qxd1+ 33. Qf1 Qxf1+ 34. Kxf1 c3 35. fxg6 hxg6 36. Ke2 Rd8 37. h4 c2 38. g4 Bxa3 39. h5 c1=Q 40. Bxc1 Bxc1 41. hxg6 fxg6 0-1

[Event "Winnipeg TNT October op"]
[Site "Winnipeg CAN"]
[Date "2013.10.29"]
[Round "5.5"]
[White "Somani, Sagar"]
[Black "Green, Aaron"]
[Result "1-0"]
[WhiteElo "1868"]
[BlackElo "2059"]
[PlyCount "83"]
[GameId "2160767909229423"]
[EventDate "2013.10.01"]
[EventType "swiss"]
[EventRounds "5"]
[EventCountry "CAN"]
[SourceTitle "EXT 2022"]
[Source "ChessBase"]
[SourceDate "2021.10.06"]
[SourceVersion "1"]
[SourceVersionDate "2021.10.06"]
[SourceQuality "1"]

1. e4 c5 2. Nf3 d6 3. d4 cxd4 4. Nxd4 Nf6 5. Nc3 g6 6. f3 Bg7 7. Be3 Nc6 8. Qd2 O-O 9. O-O-O d5 10. Nxc6 bxc6 11. Bh6 Bxh6 12. Qxh6 Qa5 13. Qe3 Be6 14. Rd4 Qc7 15. Ra4 Rfd8 16. exd5 cxd5 17. Nb5 Qb8 18. Nd4 Bd7 19. Ra3 e5 20. Nb3 h5 21. Bd3 Qc7 22. Ra6 Be6 23. Bxg6 fxg6 24. Rxe6 Rdc8 25. Qe2 Kf7 26. Rxe5 a5 27. Re1 Ra7 28. Nd4 Qc5 29. c3 Qxd4 30. Re7+ Kf8 31. Rxa7 Qxa7 32. Qe6 Nd7 33. Qd6+ Kg8 34. Qxg6+ Kf8 35. Qh6+ Kg8 36. Qg5+ Kf8 37. Qf5+ Kg8 38. Qxd5+ Kf8 39. Qf5+ Kg8 40. Qg6+ Kf8 41. Qxh5 a4 42. Qh8+ 1-0

[Event "Winnipeg TNT October op"]
[Site "Winnipeg CAN"]
[Date "2013.10.29"]
[Round "5.5"]
[White "Wasserman, Arie"]
[Black "Roy, Rayan"]
[Result "1-0"]
[WhiteElo "1690"]
[BlackElo "1512"]
[PlyCount "81"]
[GameId "2160767909229424"]
[EventDate "2013.10.01"]
[EventType "swiss"]
[EventRounds "5"]
[EventCountry "CAN"]
[SourceTitle "EXT 2022"]
[Source "ChessBase"]
[SourceDate "2021.10.06"]
[SourceVersion "1"]
[SourceVersionDate "2021.10.06"]
[SourceQuality "1"]

1. e4 c5 2. Nf3 Nc6 3. Bc4 e6 4. Nc3 Nf6 5. d3 g6 6. Bg5 Bg7 7. Qd2 O-O 8. Bh6 Bxh6 9. Qxh6 Re8 10. h3 Nb4 11. O-O-O d5 12. exd5 exd5 13. Bb3 d4 14. Ne2 Rxe2 15. Ng5 Be6 16. Nxe6 fxe6 17. Rde1 Rxc2+ 18. Bxc2 Nxc2 19. Kxc2 Qd7 20. g4 Kh8 21. Qf4 Nd5 22. Qe5+ Kg8 23. Qxe6+ Qxe6 24. Rxe6 Nf4 25. Re7 b5 26. h4 a5 27. Rhe1 Rc8 28. Rb7 c4 29. dxc4 Rxc4+ 30. Kd2 Rc8 31. Re4 Rf8 32. Ree7 Ne6 33. Rxe6 Rxf2+ 34. Kd3 Rf4 35. Re8+ Rf8 36. Rxf8+ Kxf8 37. Rxh7 Kg8 38. Rb7 b4 39. Kxd4 a4 40. Ke5 Kf8 41. h5 1-0

[Event "Winnipeg TNT October op"]
[Site "Winnipeg CAN"]
[Date "2013.10.29"]
[Round "5.5"]
[White "Wolchock, Theo"]
[Black "Rutter, Blair"]
[Result "0-1"]
[WhiteElo "1731"]
[BlackElo "1914"]
[PlyCount "122"]
[GameId "2160767909229425"]
[EventDate "2013.10.01"]
[EventType "swiss"]
[EventRounds "5"]
[EventCountry "CAN"]
[SourceTitle "EXT 2022"]
[Source "ChessBase"]
[SourceDate "2021.10.06"]
[SourceVersion "1"]
[SourceVersionDate "2021.10.06"]
[SourceQuality "1"]

1. c4 g6 2. Nc3 c6 3. d4 Bg7 4. g3 e6 5. e4 Ne7 6. Bg2 O-O 7. Nge2 Na6 8. O-O d6 9. Bg5 f6 10. Be3 Nc7 11. Rc1 a6 12. b4 Rb8 13. c5 d5 14. exd5 exd5 15. Bf4 g5 16. Bd6 Ra8 17. Re1 Re8 18. a4 Nf5 19. Bxc7 Qxc7 20. b5 axb5 21. axb5 Be6 22. bxc6 bxc6 23. Ra1 Ra5 24. Bh3 Rxa1 25. Qxa1 Qd7 26. Bg2 h5 27. Qb2 Ne7 28. Na4 Ng6 29. Nb6 Qc7 30. Nc1 Kf7 31. Nb3 h4 32. Qd2 hxg3 33. fxg3 Ne7 34. Qe2 Ng6 35. Qd2 Bf5 36. Rxe8 Kxe8 37. Qe2+ Kf7 38. Qf2 Ne7 39. Bf1 Be6 40. Bd3 f5 41. Qe3 Bf6 42. Qf3 Kg6 43. Be2 f4 44. Bd3+ Bf5 45. Bxf5+ Nxf5 46. g4 Ne3 47. Qe2 Qe7 48. Qd3+ Qe4 49. Qxe4+ dxe4 50. h3 Nd5 51. Nxd5 cxd5 52. c6 Bd8 53. Kf2 Kf6 54. Nc5 Ke7 55. Ke2 Bb6 56. Nb3 Kd6 57. c7 Bxc7 58. Nc5 Bb6 59. Nb7+ Kc6 60. Nc5 Bxc5 61. dxc5 Kxc5 0-1

[Event "Winnipeg TNT September op"]
[Site "Winnipeg CAN"]
[Date "2013.09.03"]
[Round "1"]
[White "Leaden, Bruce"]
[Black "Wasserman, Leor"]
[Result "0-1"]
[WhiteElo "1662"]
[BlackElo "1961"]
[PlyCount "76"]
[GameId "2160767909229606"]
[EventDate "2013.09.03"]
[EventType "swiss"]
[EventRounds "4"]
[EventCountry "CAN"]
[SourceTitle "EXT 2022"]
[Source "ChessBase"]
[SourceDate "2021.10.06"]
[SourceVersion "1"]
[SourceVersionDate "2021.10.06"]
[SourceQuality "1"]

1. e4 e5 2. Nf3 Nc6 3. d4 exd4 4. Bc4 Nf6 5. e5 d5 6. Bb5 Ne4 7. Nxd4 Bd7 8. Be3 Nxe5 9. Bxd7+ Qxd7 10. O-O Bd6 11. f3 Nf6 12. Bg5 O-O-O 13. Bxf6 gxf6 14. f4 Ng4 15. Nf3 Bc5+ 16. Kh1 Ne3 17. Qe2 Nxf1 18. Qxf1 Rhg8 19. Nbd2 Be3 20. Qd3 Bxf4 21. Rf1 Qg4 22. Rf2 Rde8 23. Nf1 Qe6 24. Nd4 Qe4 25. Qh3+ Kb8 26. Nf3 d4 27. Qh4 Be3 28. Qxe4 Rxe4 29. Nxe3 dxe3 30. Re2 Rd8 31. h3 h6 32. c3 f5 33. g3 Rde8 34. Kg2 f4 35. g4 c5 36. a3 a5 37. b3 b5 38. Nh4 b4 0-1

[Event "Winnipeg TNT September op"]
[Site "Winnipeg CAN"]
[Date "2013.09.03"]
[Round "1"]
[White "Platt, Alex"]
[Black "Czarny, Keith"]
[Result "1-0"]
[WhiteElo "1950"]
[BlackElo "1639"]
[PlyCount "71"]
[GameId "2160767909229608"]
[EventDate "2013.09.03"]
[EventType "swiss"]
[EventRounds "4"]
[EventCountry "CAN"]
[SourceTitle "EXT 2022"]
[Source "ChessBase"]
[SourceDate "2021.10.06"]
[SourceVersion "1"]
[SourceVersionDate "2021.10.06"]
[SourceQuality "1"]

1. d4 e6 2. c4 f5 3. g3 Nf6 4. Bg2 Be7 5. e3 O-O 6. Ne2 c6 7. O-O d5 8. b3 Nbd7 9. Ba3 dxc4 10. Bxe7 Qxe7 11. bxc4 Nb6 12. Nd2 Bd7 13. a4 a5 14. Qb3 Qb4 15. Qxb4 axb4 16. a5 Nc8 17. Rfb1 Nd6 18. Rxb4 Ra7 19. c5 Nb5 20. Nc4 Nd5 21. Bxd5 exd5 22. Nb6 Be8 23. f3 Bh5 24. Kf2 Rf6 25. Nf4 Be8 26. h4 h6 27. h5 Kh7 28. Nc8 Ra8 29. Ne7 Bd7 30. Neg6 Ra6 31. Ne5 Bc8 32. Nxd5 cxd5 33. Rxb5 Ra8 34. Rb6 Rf8 35. Rd6 Rf6 36. Rxf6 1-0

[Event "Winnipeg TNT September op"]
[Site "Winnipeg CAN"]
[Date "2013.09.03"]
[Round "1"]
[White "Reimer, Bruce"]
[Black "Boron, Anthony"]
[Result "0-1"]
[WhiteElo "1566"]
[BlackElo "1928"]
[PlyCount "54"]
[GameId "2160767909229609"]
[EventDate "2013.09.03"]
[EventType "swiss"]
[EventRounds "4"]
[EventCountry "CAN"]
[SourceTitle "EXT 2022"]
[Source "ChessBase"]
[SourceDate "2021.10.06"]
[SourceVersion "1"]
[SourceVersionDate "2021.10.06"]
[SourceQuality "1"]

1. c4 b6 2. Nc3 e6 3. e4 c5 4. g3 Bb7 5. Bg2 Nf6 6. Nge2 Nc6 7. O-O d6 8. d3 h6 9. h3 Be7 10. Be3 O-O 11. Qd2 Rc8 12. f4 e5 13. Rf2 Nd4 14. Bxd4 cxd4 15. Nd5 Rb8 16. Raf1 Nxd5 17. exd5 Bc8 18. f5 Bg5 19. Qb4 Be3 20. h4 Bxf5 21. Qa3 Bg4 22. Nc1 Qd7 23. Kh2 Bxf2 24. Rxf2 f5 25. Ne2 Rf6 26. Bf3 Rbf8 27. Bxg4 fxg4 0-1

[Event "Winnipeg TNT September op"]
[Site "Winnipeg CAN"]
[Date "2013.09.03"]
[Round "1"]
[White "Rutter, Blair"]
[Black "Trueman, Francis"]
[Result "1-0"]
[WhiteElo "1893"]
[BlackElo "1534"]
[PlyCount "51"]
[GameId "2160767909229611"]
[EventDate "2013.09.03"]
[EventType "swiss"]
[EventRounds "4"]
[EventCountry "CAN"]
[SourceTitle "EXT 2022"]
[Source "ChessBase"]
[SourceDate "2021.10.06"]
[SourceVersion "1"]
[SourceVersionDate "2021.10.06"]
[SourceQuality "1"]

1. c4 c5 2. g3 Nc6 3. Bg2 e6 4. Nc3 Nf6 5. e4 d5 6. cxd5 exd5 7. exd5 Nd4 8. Nge2 Bg4 9. O-O Nxe2+ 10. Nxe2 Be7 11. Re1 Nxd5 12. Qb3 Nb4 13. Nf4 Bf5 14. Nd5 Be6 15. Rxe6 Nxd5 16. Re1 Nb4 17. a3 Qd3 18. Qxd3 Nxd3 19. Re3 Rd8 20. Bxb7 f5 21. Ba6 Nxc1 22. Rxc1 Kf7 23. Bc4+ Kf6 24. Re6+ Kg5 25. h4+ Kg4 26. Rxe7 1-0

[Event "Winnipeg TNT September op"]
[Site "Winnipeg CAN"]
[Date "2013.09.03"]
[Round "1"]
[White "Swift, Ryne"]
[Black "Campbell, Jamie"]
[Result "1-0"]
[WhiteElo "1984"]
[BlackElo "1697"]
[PlyCount "71"]
[GameId "2160767909229612"]
[EventDate "2013.09.03"]
[EventType "swiss"]
[EventRounds "4"]
[EventCountry "CAN"]
[SourceTitle "EXT 2022"]
[Source "ChessBase"]
[SourceDate "2021.10.06"]
[SourceVersion "1"]
[SourceVersionDate "2021.10.06"]
[SourceQuality "1"]

1. e4 d6 2. d4 Nf6 3. Nc3 g6 4. Bc4 Bg7 5. Nf3 O-O 6. O-O Nxe4 7. Bxf7+ Rxf7 8. Nxe4 Bg4 9. Neg5 Bxf3 10. Nxf3 h6 11. Qd3 g5 12. Qb3 Nc6 13. c3 b6 14. Re1 e5 15. Qd5 Ne7 16. Qe6 exd4 17. Bxg5 Qc8 18. Bxh6 Bxh6 19. Qxh6 dxc3 20. bxc3 Nf5 21. Qe6 Qd7 22. Re4 Qxe6 23. Rxe6 Raf8 24. Rae1 d5 25. R1e5 Rd7 26. Ng5 d4 27. cxd4 Rxd4 28. g3 Rd2 29. Ne4 Rxa2 30. g4 Nd4 31. Rg5+ Kh7 32. Rh5+ Kg8 33. Rg6+ Kf7 34. Rf6+ Ke7 35. Re5+ Kd7 36. Rxf8 1-0

[Event "Winnipeg TNT September op"]
[Site "Winnipeg CAN"]
[Date "2013.09.03"]
[Round "1.4"]
[White "Wasserman, Arie"]
[Black "Kernetsky, Myron"]
[Result "0-1"]
[WhiteElo "1702"]
[BlackElo "2051"]
[PlyCount "88"]
[GameId "2160767909229614"]
[EventDate "2013.09.03"]
[EventType "swiss"]
[EventRounds "4"]
[EventCountry "CAN"]
[SourceTitle "EXT 2022"]
[Source "ChessBase"]
[SourceDate "2021.10.06"]
[SourceVersion "1"]
[SourceVersionDate "2021.10.06"]
[SourceQuality "1"]

1. e4 e6 2. Nf3 d5 3. exd5 exd5 4. d4 Bd6 5. Nc3 c6 6. Bd3 Ne7 7. h3 Bf5 8. Bxf5 Nxf5 9. Qe2+ Ne7 10. O-O Na6 11. a3 Nc7 12. Re1 O-O 13. Bg5 Ne6 14. Qe3 Re8 15. Ne2 Qc7 16. Bxe7 Rxe7 17. Qd3 Rae8 18. c3 Qb6 19. b4 a5 20. Kf1 Nf8 21. Rad1 Nd7 22. Ng5 Nf6 23. Nc1 h6 24. Nf3 axb4 25. axb4 Qa7 26. Rxe7 Rxe7 27. Re1 Qa1 28. Rxe7 Bxe7 29. Qe3 Ne4 30. Qf4 Qxc3 31. Ne2 Qa1+ 32. Nc1 Qb2 33. Ne2 Qa1+ 34. Nc1 Bxb4 35. Ne5 f6 36. Ned3 Bd2 37. Qf5 Bxc1 38. Qe6+ Kf8 39. Qc8+ Kf7 40. Qd7+ Kf8 41. Qd8+ Kf7 42. Qd7+ Kg6 43. Ne5+ fxe5 44. Qe6+ Nf6 0-1

[Event "Winnipeg TNT September op"]
[Site "Winnipeg CAN"]
[Date "2013.09.10"]
[Round "2"]
[White "Kernetsky, Myron"]
[Black "Platt, Alex"]
[Result "1-0"]
[WhiteElo "2051"]
[BlackElo "1950"]
[PlyCount "65"]
[GameId "2160767909229616"]
[EventDate "2013.09.03"]
[EventType "swiss"]
[EventRounds "4"]
[EventCountry "CAN"]
[SourceTitle "EXT 2022"]
[Source "ChessBase"]
[SourceDate "2021.10.06"]
[SourceVersion "1"]
[SourceVersionDate "2021.10.06"]
[SourceQuality "1"]

1. d4 Nf6 2. c4 g6 3. Nc3 Bg7 4. e4 d6 5. h3 O-O 6. Nf3 Nc6 7. d5 Nb8 8. Be2 e5 9. Bg5 h6 10. Be3 Nbd7 11. Qc2 b6 12. g4 Ne8 13. Rg1 a6 14. h4 Bb7 15. Qd2 Kh7 16. h5 g5 17. Nh2 Ndf6 18. Nf1 Qd7 19. f3 Rb8 20. Ng3 Bc8 21. b3 c6 22. dxc6 Qxc6 23. Rc1 Rg8 24. Kf2 Bf8 25. Rgd1 Ng7 26. Nd5 Nfe8 27. Nf5 Rb7 28. Nb4 Qd7 29. Nxa6 Ne6 30. Nb4 Nf4 31. Nd5 Qd8 32. Bf1 Bxf5 33. exf5 1-0

[Event "Winnipeg TNT September op"]
[Site "Winnipeg CAN"]
[Date "2013.09.10"]
[Round "2"]
[White "Le Dorze, Philippe"]
[Black "Swift, Ryne"]
[Result "0-1"]
[WhiteElo "1777"]
[BlackElo "1984"]
[PlyCount "82"]
[GameId "2160767909229617"]
[EventDate "2013.09.03"]
[EventType "swiss"]
[EventRounds "4"]
[EventCountry "CAN"]
[SourceTitle "EXT 2022"]
[Source "ChessBase"]
[SourceDate "2021.10.06"]
[SourceVersion "1"]
[SourceVersionDate "2021.10.06"]
[SourceQuality "1"]

1. d4 d5 2. c4 e6 3. Nc3 Nf6 4. Nf3 Be7 5. Bf4 O-O 6. h3 a6 7. e3 Nbd7 8. Bd3 dxc4 9. Bxc4 Nb6 10. Bd3 c5 11. O-O cxd4 12. Nxd4 Nbd5 13. Nxd5 Nxd5 14. Be5 Bd7 15. Qh5 h6 16. Qg4 Bf6 17. Qe4 g6 18. Nf3 Bc6 19. Qg4 Nxe3 20. fxe3 Bxf3 21. Rxf3 Bxe5 22. Bxg6 Bg7 23. Bc2 Qb6 24. Bb3 f5 25. Qc4 Rae8 26. g4 f4 27. Kg2 fxe3 28. Rxf8+ Rxf8 29. Qxe6+ Qxe6 30. Bxe6+ Kh8 31. Re1 Rf2+ 32. Kg3 Be5+ 33. Kh4 Bd4 34. g5 hxg5+ 35. Kxg5 Rxb2 36. Rf1 e2 37. Rf8+ Kh7 38. Rf7+ Bg7 39. Bf5+ Kg8 40. Re7 Kf8 41. Re4 Bc3 0-1

[Event "Winnipeg TNT September op"]
[Site "Winnipeg CAN"]
[Date "2013.09.10"]
[Round "2.4"]
[White "Boron, Anthony"]
[Black "De Groot, Steven"]
[Result "1-0"]
[WhiteElo "1928"]
[BlackElo "1988"]
[PlyCount "74"]
[GameId "2160767909229618"]
[EventDate "2013.09.03"]
[EventType "swiss"]
[EventRounds "4"]
[EventCountry "CAN"]
[SourceTitle "EXT 2022"]
[Source "ChessBase"]
[SourceDate "2021.10.06"]
[SourceVersion "1"]
[SourceVersionDate "2021.10.06"]
[SourceQuality "1"]

1. d4 Nf6 2. Bg5 d5 3. Bxf6 exf6 4. e3 c5 5. Nf3 Be6 6. c3 c4 7. Nbd2 f5 8. Qa4+ Nc6 9. Ne5 Qc7 10. b3 cxb3 11. axb3 Bd6 12. Ndf3 O-O 13. Nxc6 bxc6 14. Bd3 f4 15. O-O Bg4 16. Ne5 Bxe5 17. dxe5 Qxe5 18. Qxf4 Qxc3 19. Bxh7+ Kxh7 20. Qxg4 Qxb3 21. Ra4 Kg8 22. Rfa1 Rab8 23. h3 c5 24. Rxa7 c4 25. Rc7 Ra8 26. Rxa8 Rxa8 27. Qf5 Qd1+ 28. Kh2 Rf8 29. Rd7 c3 30. Qxd5 Qb1 31. Rc7 Qb8 32. Qc4 c2 33. g3 Qa8 34. Qxc2 Qf3 35. Rc4 g5 36. Rc5 f6 37. Rc7 Rf7 1-0

[Event "Winnipeg TNT September op"]
[Site "Winnipeg CAN"]
[Date "2013.09.10"]
[Round "2.4"]
[White "Trueman, Francis"]
[Black "Wasserman, Arie"]
[Result "0-1"]
[WhiteElo "1534"]
[BlackElo "1702"]
[PlyCount "38"]
[GameId "2160767909229622"]
[EventDate "2013.09.03"]
[EventType "swiss"]
[EventRounds "4"]
[EventCountry "CAN"]
[SourceTitle "EXT 2022"]
[Source "ChessBase"]
[SourceDate "2021.10.06"]
[SourceVersion "1"]
[SourceVersionDate "2021.10.06"]
[SourceQuality "1"]

1. Nf3 Nf6 2. g3 d6 3. d3 e5 4. Nbd2 Nc6 5. Bg2 g6 6. O-O Bg7 7. c3 O-O 8. Re1 Be6 9. e4 Qd7 10. Ng5 b5 11. Nxe6 Qxe6 12. Qb3 b4 13. Qxe6 fxe6 14. a3 Ng4 15. Nf3 Rad8 16. c4 Nd4 17. Bg5 Rd7 18. h3 Nf6 19. Bxf6 Bxf6 0-1

[Event "Winnipeg TNT September op"]
[Site "Winnipeg CAN"]
[Date "2013.09.10"]
[Round "2.4"]
[White "Wasserman, Leor"]
[Black "Rutter, Blair"]
[Result "1/2-1/2"]
[WhiteElo "1961"]
[BlackElo "1893"]
[PlyCount "103"]
[GameId "2160767909229623"]
[EventDate "2013.09.03"]
[EventType "swiss"]
[EventRounds "4"]
[EventCountry "CAN"]
[SourceTitle "EXT 2022"]
[Source "ChessBase"]
[SourceDate "2021.10.06"]
[SourceVersion "1"]
[SourceVersionDate "2021.10.06"]
[SourceQuality "1"]

1. e4 e6 2. c4 c5 3. Nc3 Nc6 4. Nge2 d6 5. g3 Rb8 6. Bg2 Bd7 7. O-O g6 8. d4 cxd4 9. Nxd4 a6 10. Bf4 Nxd4 11. Qxd4 Qf6 12. e5 Qg7 13. Rad1 g5 14. Qa7 Rd8 15. Be3 h5 16. Bb6 Be7 17. Bxd8 Bxd8 18. Rxd6 Qxe5 19. Rfd1 Nf6 20. Qxb7 O-O 21. Rxd7 Nxd7 22. Qxd7 Bb6 23. Qd2 h4 24. Re1 Qf5 25. gxh4 gxh4 26. Be4 Qf6 27. Kh1 Rd8 28. Rg1+ Kf8 29. Qe2 Qh6 30. Qg4 Rd2 31. Qg8+ Ke7 32. Bc6 Rd8 33. Qg5+ Qxg5 34. Rxg5 Bxf2 35. Ne4 Be3 36. Ra5 h3 37. Ba4 Rd4 38. Ng3 Rxc4 39. Ne2 f5 40. Bb3 Rc6 41. Re5 f4 42. Nc3 Bc1 43. Rh5 Bxb2 44. Nd1 Bd4 45. Rxh3 e5 46. Rh7+ Kd8 47. Kg2 Rg6+ 48. Kf3 Rg1 49. Ke4 Re1+ 50. Kd5 f3 51. Rf7 f2 52. Nxf2 1/2-1/2

[Event "Winnipeg TNT September op"]
[Site "Winnipeg CAN"]
[Date "2013.09.10"]
[Round "2.4"]
[White "Woclchock, Theo"]
[Black "Ma, Derek"]
[Result "1/2-1/2"]
[WhiteElo "1709"]
[BlackElo "1781"]
[PlyCount "61"]
[GameId "2160767909229624"]
[EventDate "2013.09.03"]
[EventType "swiss"]
[EventRounds "4"]
[EventCountry "CAN"]

1. c4 e5 2. g3 Nf6 3. Bg2 c6 4. d3 d5 5. cxd5 cxd5 6. Bg5 Be6 7. Nd2 Nc6 8. Nb3 Bb4+ 9. Bd2 Rc8 10. a3 Bxd2+ 11. Nxd2 O-O 12. Ngf3 Qb6 13. b4 e4 14. dxe4 dxe4 15. Ng5 e3 16. fxe3 Ng4 17. Bf3 Nxe3 18. Qb1 Bf5 19. Be4 Bg6 20. Bxg6 fxg6 21. Qa2+ Kh8 22. Nf7+ Rxf7 23. Qxf7 Nc2+ 24. Kd1 Nxa1 25. Rf1 Qd8 26. Qa2 Ne5 27. Qxa1 Nc4 28. Qc3 Nb6 29. Qe5 Nc4 30. Qc3 Nb6 31. Qe5 1/2-1/2